Statystyki dla Członkowie FIFA, które nie są niezależnymi państwami

Kliknij tutaj aby rozwiązać quiz!

Ogólne statystyki

  • Ten quiz został rozwiązany 7 461 razy
    (7 222 od ostatniego zresetowania)
  • Średni wynik to 7 z 24

Statystyki odpowiedzi

KonfederacjaOdpowiedź% Poprawnych
UEFASzkocja
81%
UEFAWalia
81%
UEFAAnglia
79%
UEFAIrlandia Północna
74%
UEFAWyspy Owcze
58%
UEFAGibraltar
53%
AFCPalestyna
28%
CONCACAFPortoryko
23%
AFCHongkong
21%
OFCSamoa Amerykańskie
18%
CONCACAFCuraçao
17%
OFCWyspy Cooka
17%
CONCACAFAruba
16%
CONCACAFBrytyjskie Wyspy Dziewicze
14%
AFCMakau
14%
CONCACAFBermudy
13%
AFCGuam
13%
OFCNowa Kaledonia
13%
CONCACAFTurks i Caicos
13%
CONCACAFAnguilla
11%
OFCTahiti
11%
CONCACAFKajmany
10%
CONCACAFWyspy Dziewicze Stanów Zjednoczonych
10%
CONCACAFMontserrat
8%

Rozkład punktacji

Percentyl według liczby udzielonych odpowiedzi

Procent ludzi z każdym wynikiem

Twoja historia wyników

Nie rozwiązałeś tego quizu od ostatniego zresetowania